00314pab a2200121 454500008004000000100001900040245005600059260000900115300001100124362000800135650001500143773003400158180718b1987 xxu||||| |||| 00| 0 eng d aWillmott, Hugh aStudying managerial workbA critique and a proposal c1987 a249-70 aMay aExecutives aJournal of Management Studies